Normal view
MARC view
Entry Personal Name
001 - CONTROL NUMBER
- control field: 4641
003 - CONTROL NUMBER IDENTIFIER
- control field: ARRUPE
005 - DATE AND TIME OF LATEST TRANSACTION
- control field: 20131202175602.0
008 - FIXED-LENGTH DATA ELEMENTS
- fixed length control field: 131202|| aca||aabn | a|a d
040 ## - CATALOGING SOURCE
- Original cataloging agency: ARRUPE
- Transcribing agency: ARRUPE
100 ## - HEADING--PERSONAL NAME
- Personal name: Schall, James V.
670 ## - SOURCE DATA FOUND
- Source citation: Work cat.: (ARRUPE)0: Schall, James V., The Regensburg lecture /, 2007.